| 000 | 00382nam a2200157 4500 | ||
|---|---|---|---|
| 001 | 5526 | ||
| 005 | 20181127175713.0 | ||
| 020 | 0 | 0 | _a9789993695806 |
| 090 | 0 | 0 | _a895.1 T153c 2015 |
| 100 | 0 | 0 | _aWangchuk, Kinley. |
| 245 | 0 | 0 |
_aKadrinche : _bbeyond words / _cKinley Wangchuk. _h |
| 250 | 0 | 0 | _a1st ed. |
| 260 | 0 | 0 |
_aThimphu : _bn.p, _c2015. |
| 300 | 0 | 0 | _a267 p. |
| 650 | 0 | 0 |
_aBhutan --Fiction. _x |
| 999 |
_c4652 _d4652 |
||